| 000 | 01792nam a22003374a 4500 | ||
|---|---|---|---|
| 001 | ebr10142087 | ||
| 003 | CaPaEBR | ||
| 006 | m u | ||
| 007 | cr cn||||||||| | ||
| 008 | 010221s2002 enkab sb 001 0 eng | ||
| 010 | _z 2001021343 | ||
| 020 | _z0195076362 | ||
| 040 |
_aCaPaEBR _cCaPaEBR |
||
| 035 | _a(OCoLC)228143421 | ||
| 050 | 1 | 4 |
_aHD1382.5 _b.T569 2002eb |
| 082 | 0 | 4 |
_a332.63/24 _221 |
| 100 | 1 | _aThrall, Grant Ian. | |
| 245 | 1 | 0 |
_aBusiness geography and new real estate market analysis _h[electronic resource] / _cGrant Ian Thrall. |
| 260 |
_aOxford ; _aNew York : _bOxford University Press, _c2002. |
||
| 300 |
_aix, 263 p. : _bill., maps. |
||
| 490 | 1 | _aSpatial information systems | |
| 504 | _aIncludes bibliographical references (p. 241-256) and index. | ||
| 505 | 8 | _aMachine generated contents note: Part I OVERVIEW, THEORY, AND METHODS -- 1: Introduction, 3 -- 2: Understanding Real Estate Markets and Submarkets, 19 -- 3: Unifying Urban Land Use and Land Value Theories, 60 -- 4: Conducting Real Estate Market Analysis, 78 -- Part II APPLICATIONS TO REAL ESTATE PRODUCT TYPES -- 5: Housing and Residential Communities, 107 -- 6: Office and Industrial, 131 -- 7: Retail, 165 -- 8: Hotel and Motel, 199 -- 9: Mixed Use, 216 -- 10: Getting Started, 225. | |
| 533 |
_aElectronic reproduction. _bPalo Alto, Calif. : _cebrary, _d2013. _nAvailable via World Wide Web. _nAccess may be limited to ebrary affiliated libraries. |
||
| 650 | 0 |
_aReal estate investment _xEvaluation. |
|
| 650 | 0 | _aCommercial geography. | |
| 655 | 7 |
_aElectronic books. _2local |
|
| 710 | 2 | _aebrary, Inc. | |
| 830 | 0 | _aSpatial information systems. | |
| 856 | 4 | 0 |
_uhttp://site.ebrary.com/lib/rucke/Doc?id=10142087 _zAn electronic book accessible through the World Wide Web; click to view |
| 999 |
_c90140 _d90140 |
||